LEADER 00978naa a2200229 u 4500 001 000000094547 003 CaOOAMICUS 005 20070226130139.0 008 040503s1971 gw u000 u ger u 020 $a3110023954 035 $a10993143 040 $aIAR$bita 100 1 $aHüschen, Heinrich.$0(OLS)http://pul/name/60740 245 10$aAntike Einflüsse in der mittelalterlichen Musikanschauung /$cHeinrich Hüschen. 250 $a2. durchgesehene Aufl. 260 $aBerlin :$bW. Gruyter,$c1971. 300 $aS. 80-95, ;$c25 cm 773 0 $aAntike und Orient im Mittelalter : Vorträge der Kölner Mediävistentagungen 1956-1959. 773 0 $tAntike und Orient im Mittelalter : Vorträge der Kölner Mediaevistentagungen 1956-1959$w()66747 996 $6020$a3110023954$9(OLS)http://pul/number/86584 996 $6245$aAntike Einflüsse in der mittelalterlichen Musikanschauung$9(OLS)http://pul/title/121415 996 $6260$aBerlin :$bW. Gruyter$9(OLS)http://pul/publisher/71440 LEADER 00934nam a2200253 a 4500 001 000000140574 003 CaOOAMICUS 005 20141119112837.0 008 141119s1962 it u000 u ita r 040 $aPUL$bita 100 1 $aTodisco, Alfredo.$0(OLS)http://pul/name/90617 245 10$aViaggio in India /$cAlfredo Todisco. 260 $aTorino :$bEinaudi,$c1962. 300 $a111 p. ;$c22 cm 490 1 $aSaggi ;$v302 651 4$aIndia$xDescrizione e viaggi.$0(OLS)http://pul/subject/25436 830 0$aSaggi (Einaudi) ;$v302.$0(OLS)http://pul/title/9841 850 $aPUL 852 $aPUL$W1$xDP1 Fondo Capitani$y116$m1 B 16.302$j162376$qFondi$B161897$CPULBib$Z2$F161897 $HCap1249 $82 941 1 $a1 961 $aNota ms. di possesso: Capitani. 996 $6245$aViaggio in India$9(OLS)http://pul/title/177916 996 $6260$aTorino :$bEinaudi$9(OLS)http://pul/publisher/48130